The New right and the end of national liberation /
Salvato in:
| Autore principale: | |
|---|---|
| Natura: | testo |
| Soggetti: | |
| Tags: |
Aggiungi Tag
Nessun Tag, puoi essere il primo ad aggiungerne!!
|
MARC
| LEADER | 00000 a a2200000 04500 | ||
|---|---|---|---|
| 001 | 10012 | ||
| 003 | |||
| 040 | |||
| 100 | |a Robinson, William I. | ||
| 245 | |a The New right and the end of national liberation / |c William I. Robinson | ||
| 650 | |a ASPECTOS POLITICOS | ||
| 650 | |a DEMOCRATIZACION | ||
| 650 | |a INTERVENCION EXTRANJERA | ||
| 650 | |a ESTADOS UNIDOS | ||
| 650 | |a NEOLIBERALISMO | ||
| 650 | |a ECONOMIA DE MERCADO | ||
| 650 | |a NICARAGUA | ||
| 650 | |a EL SALVADOR | ||
| 773 | |g volumen 37, número 6; páginas 15-20 | ||
| 999 | |c 26865 |d 26865 | ||
